Essays from 'The Guardian' (Record no. 233365)
[ view plain ]
| 000 -LEADER | |
|---|---|
| fixed length control field | 01073cam a22002653a 4500 |
| 001 - CONTROL NUMBER | |
| control field | 4036 |
| 003 - CONTROL NUMBER IDENTIFIER | |
| control field | PGUSA |
| 005 - DATE AND TIME OF LATEST TRANSACTION | |
| control field | 20140828083042.0 |
| 008 - FIXED-LENGTH DATA ELEMENTS--GENERAL INFORMATION | |
| fixed length control field | 030501s2003||||xxu|||||s|||||000 p eng d |
| 040 ## - CATALOGING SOURCE | |
| Original cataloging agency | PGUSA |
| Language of cataloging | eng |
| 042 ## - AUTHENTICATION CODE | |
| Authentication code | dc |
| 050 #4 - LIBRARY OF CONGRESS CALL NUMBER | |
| Classification number | PR |
| 100 1# - MAIN ENTRY--PERSONAL NAME | |
| Personal name | Pater, Walter, |
| Dates associated with a name | 1839-1894 |
| 245 10 - TITLE STATEMENT | |
| Title | Essays from 'The Guardian' |
| Medium | [electronic resource] / |
| Statement of responsibility, etc | Walter Pater |
| 260 ## - PUBLICATION, DISTRIBUTION, ETC. (IMPRINT) | |
| Name of publisher, distributor, etc | Project Gutenberg, |
| Date of publication, distribution, etc | 2003 |
| 500 ## - GENERAL NOTE | |
| General note | Unaccented version in 7essg10.txt and 7essg10.zip, accented versions in 8essg10.txt and 8essg10.zip |
| 505 0# - FORMATTED CONTENTS NOTE | |
| Formatted contents note | English literature -- Amiel's "Journal intime" -- Browning -- "Robert Elsmere" -- Their Majesties' servants -- Wordsworth -- Mr. Gosse's poems -- Ferdinand Fabre -- The "Contes" of M. Augustin Filon. |
| 506 ## - RESTRICTIONS ON ACCESS NOTE | |
| Terms governing access | Public domain in the USA. |
| 516 ## - TYPE OF COMPUTER FILE OR DATA NOTE | |
| Type of computer file or data note | Electronic text |
| 653 ## - INDEX TERM--UNCONTROLLED | |
| Uncontrolled term | French literature -- 19th century -- History and criticism |
| 653 ## - INDEX TERM--UNCONTROLLED | |
| Uncontrolled term | English literature -- 19th century -- History and criticism |
| 830 #0 - SERIES ADDED ENTRY--UNIFORM TITLE | |
| Uniform title | Project Gutenberg |
| Volume number/sequential designation | 4036 |
| 856 40 - ELECTRONIC LOCATION AND ACCESS | |
| Uniform Resource Identifier | <a href="http://www.gutenberg.org/ebooks/4036">http://www.gutenberg.org/ebooks/4036</a> |
| 942 ## - ADDED ENTRY ELEMENTS (KOHA) | |
| Koha item type | eBooks |
| Withdrawn status | Lost status | Damaged status | Home library | Current library | Date acquired | Total Checkouts | Date last seen | Price effective from | Koha item type |
|---|---|---|---|---|---|---|---|---|---|
| Project Gutenberg | Project Gutenberg | 08/28/2014 | 08/28/2014 | 08/28/2014 | eBooks |